Statistiques concernant Géographie dans les titres de films

Cliquez ici pour prendre le quiz!

Statistiques générales

  • Ce quiz a été pris 1 028 fois
  • Le résultat moyen est 11 sur 20

Statistiques - réponses

Films% Correct
Alice au {pays} des merveilles
100%
Les dents de la {mer}
100%
La Belle au {Bois} Dormant
94%
La vie est un long {fleuve} tranquille
91%
Jumanji : Bienvenue dans la {jungle}
87%
Un Indien dans la {Ville}
83%
La {Cité} de la Peur
78%
L'Âge de glace 4 : La dérive des {continents}
77%
Les {rivières} pourpres
53%
L'{Île} aux chiens
52%
La {colline} a des yeux
49%
Tonnerre sous les {Tropiques}
49%
Ponyo sur la {falaise}
45%
Le {Pôle} Express
37%
Nausicaä de la {Vallée} du Vent
37%
L'homme des Hautes {Plaines}
22%
La {Montagne} ensorcelée
19%
Le {Pic} de Dante
17%
Les Rois du {désert}
10%
La Maison du {lac}
7%

Distribution des résultats

Percentile par nombre de réponses

% des personnes avec chaque résultat

Votre développement - résultats

Vous n’avez pas pris ce quiz